Statistiques concernant Départements français en rébus #1

Cliquez ici pour prendre le quiz!

Statistiques générales

  • Ce quiz a été pris 17 320 fois
  • Le résultat moyen est 8 sur 10

Réponses sur la Carte

Les réponses sont colorées sur une échelle allant du rouge au vert en fonction du pourcentage des utilisateurs qui les ont devinées à leur premier essai. Vous pouvez retrouver ces pourcentages ci-dessous.
Chargement ...
 

Statistiques - réponses

RébusDépartement% Correct
7Vendée
88%
6Pas-de-Calais
86%
1Jura
84%
4Guadeloupe
83%
5Finistère
77%
10Somme
75%
3Aisne
73%
2Saône-et-Loire
73%
8Charente
71%
9Hauts-de-Seine
70%

Distribution des résultats

Percentile par nombre de réponses

% des personnes avec chaque résultat

Votre développement - résultats

Vous n’avez pas pris ce quiz